Najbardziej ukochane kraje - Statystyki

Ogólne statystyki
  • Ten quiz został rozwiązany 30 razy
  • Średni wynik to 7 z 10
Statystyki odpowiedzi
# Kraj % Poprawnych
1. Kanada
82%
6. Finlandia
79%
8. Dania
75%
3. Szwecja
75%
2. Norwegia
71%
5. Australia
64%
9. Holandia
64%
10. Belgia
57%
4. Szwajcaria
57%
7. Nowa Zelandia
46%
Nie znaleziono quizów pasujących do podanych kryteriów
Rozkład punktacji
Procent ludzi z każdym wynikiem
Percentyl według liczby udzielonych odpowiedzi
Twoja historia wyników
Nie rozwiązałeś tego quizu